Movies Quiz

Random Movies or Director Quiz

Spielberg Casts Quiz Stats

 Plays Quiz Updated Nov 18, 2012

Challenge
Share
Tweet
Embed
Score 0/40 Timer 07:00
0 Plays Today
% Correct
H. Ford
97.3%
H. Ford
97.3%
T. Hanks
96%
T. Hanks
96%
L. DiCaprio
88.3%
M. Damon
83.4%
T. Cruise
82.5%
R. Williams
80.5%
S. Connery
78.2%
L. Neeson
77.8%
D. Day-Lewis
72.7%
J. Roberts
70.8%
D. Hoffman
70.3%
J. Goldblum
63.2%
O. Winfrey
63.1%
W. Goldberg
58.6%
R. Dreyfuss
56.3%
S. Field
51.9%
R. Phoenix
49.7%
L. Dern
47.9%
% Correct
R. Fiennes
47.8%
S. Neill
46.4%
C. Walken
45.9%
R. Scheider
44.3%
E. Bana
41.5%
B. Kingsley
40.6%
D. Glover
37.5%
R. Shaw
31.8%
V. Diesel
31.6%
M. Smith
31.5%
K. Allen
30%
C. Farrell
28%
A. Adams
25.7%
J. Gordon-Levitt
23.3%
T. Sizemore
22.9%
J. Rhys-Davies
22.7%
D. Craig
22.3%
W. Knight
21.6%
M. Von Sydow
12.6%
G. Rush
8.3%

You're not logged in!

Compare scores with friends on all Sporcle quizzes.
Join for Free
OR
Log In

You Might Also Like...

Show Comments

Extras

Top Quizzes Today


Score Distribution

Your Account Isn't Verified!

In order to create a playlist on Sporcle, you need to verify the email address you used during registration. Go to your Sporcle Settings to finish the process.

Report this User

Report this user for behavior that violates our Community Guidelines.

Details: